=LDR 00000nam 2200000 4500 =001 INLIS000000000039786 =005 20130612145407 =008 ***********************************Ind** =035 ##$$0010-061300000039786 =041 ##$$a Ind =082 ##$$a 813 =090 ##$$a 813, Ger m =100 ##$$a Gerritsen, Tess =245 ##$$a Menyikap Tabir Rahasia, Tess Gerritsen =260 ##$$a 2008 $b Jakarta =300 ##$$a 358 hlm, 22 cm =650 ##$$a Fiksi =850 ##$$a NBPNMAT